000 00706nam a2200277Ia 4500
008 220216s9999 xx 000 0 und d
100 _aEappen T
245 0 _aInfluence of plantation crops on soil properties in Tripura
260 _bNatural Rubber Research
_c2005
300 _a67-80
650 _aEco-system
650 _aEco-system
650 _aRubber growing soil
650 _aRubber growing soil
650 _aSoil property
650 _aSoil property
650 _aTripura
650 _aTripura
700 _aDey S K
700 _aKarthikakuttyamma M
700 _aKrishnakumar A K
700 _aRao D V K N
700 _aSarma A C
700 _aVarghese Y A
942 _cAR
999 _c47242
_d47242